Quizzes
Events
Quiz Creation
Community
Videos
Private Events
Remove Ads
Sign In
Join for FREE
Feedback
Dark Mode
Quiz Categories
Sports
Geography
Music
Movies
Television
Just For Fun
Miscellaneous
History
Literature
Language
Science
Gaming
Entertainment
Religion
Holiday
For Kids
Quiz Lab
Recent
Popular Today
Quiz Kudos Today
Editor Picks
Curator Picks
Quizzes by...
Day
Popularity
Type
Ratings
Length
Year
Community
Subscriptions
Recent Discussions
Orange Saloon
Badges
Playlists
Quests
Create
Leaderboards
Showdown
Live 5
Trivia Bingo
Activity
Puzzle Library
Sporcle Events
Private Events
Virtual Trivia
Globe League
Become a Host
Pub Owners
SporcleCon
Opinionation
Our Games
Videos
Blog
Mobile Apps
Partnerships
Remove Ads and Go Orange
Feedback
Sports
Athletes
MLB
NBA
NHL
NFL
Soccer
Sports Teams
WWE
NCAA
Football
Premier League
Basketball
Baseball
Hockey
Golf
Tennis
Cricket
Rugby
Auto Racing
Olympics
World Cup
Sports
Athletes
MLB
NBA
NHL
NFL
Soccer
Sports Teams
WWE
NCAA
Football
Premier League
Basketball
Baseball
Hockey
Golf
Tennis
Cricket
Rugby
Auto Racing
Olympics
World Cup
Random Quiz
Search Sporcle
×
Quiz Lab
Quiz Lab
Sports
Minefield
Type in answers that appear in a list
Type in answers that appear in a list
Classic
Best Score? Go Orange.
Franchise Rushing Leaders Minefield Stats
Can you name the NFL franchise rushing yard leaders without naming the second leading rusher for a team?
By
12bball
4m
32 Questions
600 Plays
600 Plays
600 Plays
Comments
Comments
Give Quiz Kudos
Give Quiz Kudos
-
- Ratings
hide this ad
More Info
Minefield
Wrong answers will end the quiz
Wrong answers will end the quiz
Wrong Answers
Some wrong answers will appear in red
Some wrong answers will appear in red
Replay
Link that replays current quiz
Next Quiz
Link to next quiz in quiz playlist
You Got
0%
They Got
Avg Score
32%
Avg Friend Score
Upgrade to see
Score Distribution
Jump to the score distribution portion of the page
Score
0/32
Timer
04:00
0
Plays Today
Team
Player
% Correct
Dallas Cowboys
???
69.3%
Minnesota Vikings
???
68.7%
Chicago Bears
???
59%
Detroit Lions
???
57.7%
Cleveland Browns
???
50.8%
Buffalo Bills
???
47.7%
Baltimore Ravens
???
46.3%
Indianapolis Colts
???
45%
Houston Texans
???
43%
Jacksonville Jaguars
???
43%
San Diego Chargers
???
38.5%
New York Jets
???
38.3%
Tennessee Titans
???
34%
New York Giants
???
33.8%
Carolina Panthers
???
33.3%
Denver Broncos
???
31.3%
Team
Player
% Correct
Cincinnati Bengals
???
28.5%
Pittsburgh Steelers
???
28.2%
Green Bay Packers
???
27.8%
Seattle Seahawks
???
26.3%
Oakland Raiders
???
25.7%
Kansas City Chiefs
???
24.3%
Miami Dolphins
???
22.7%
Washington Redskins
???
22.2%
New Orleans Saints
???
20.7%
St. Louis Rams
???
16.8%
Atlanta Falcons
???
14.2%
Philadelphia Eagles
???
6.8%
San Francisco 49ers
???
6.8%
Tampa Bay Buccaneers
???
6.2%
New England Patriots
???
6%
Arizona Cardinals
???
3.7%
Quiz Playlist
Details
Report
Send in Message
Add To Playlist
More Info:
A few wrong answers with last names the same as a right answer are forgiven.
Classic:
Type in answers that appear in a list
Minefield:
Wrong answers will end the quiz
Wrong Answers:
Some wrong answers will appear in red
Quiz Source
Last Updated: Feb 16, 2017
Quiz Scoreboard
CHALLENGE
Sign Up to Join the Scoreboard
Show All
Scores
Hide
Comments
May contain spoilers
Recently Published
NBA Finals Game Top Scorers (2010s)
by flibbidy
Sports
5m
Guess the 'R' Things in 3 Words
by MSUKent
Miscellaneous
3m
Actor to Badly Drawn Movie III
by MoMosMoProblems
Movies
5m
More to Explore
Quiz From the Vault
Featured Blog Post
Where Does Lost Luggage Go?
hide this ad
You Might Also Like...
Tags
Football Quiz
Minefield Quiz
NFL Quiz
franchise
mine
Rushing
Rushing Yards
Today's Top Quizzes in Sports
Browse Sports
hide this ad
Today's Top Quizzes in Minefield
Browse Minefield
Top Contributed Quizzes in Sports
1
Les joueurs à 100 buts en Ligue 1 Uber Eats
2
2022 World Cup Stars
3
2024 March Madness Bracket
4
Millionaire: NBA Finals Edition
5
Players with Multiple 50 Home Run Seasons
6
Nickname Match: Athletes VI
7
Criteria MLB: Left Handed Sluggers
8
Iconic Moments in Football - Multiple Choice
9
NFL MVPs ordered
10
First NBA MVP by Team
Explore More
Trending Topics
Disney
Kpop
Anime
Crossword
Harry Potter
NBA
Marvel
The Office
WWE
Puzzle
Pokémon
Country
Song
Soccer
NFL
hide this ad
More By:
12bball
Quiz
Plays
Rating
Category
Featured
Created
Harry Potter Bunker
6,420,251
4.07
Literature
Jun 15, 2011
Complete the Disney Movie Title
876,716
4.34
Movies
May 1, 2012
Harry Potter Bunker III
380,088
4.16
Literature
Dec 24, 2011
Lord of the Rings Top 20 Minefield
334,179
3.57
Literature
Jul 20, 2012
Rhymes with 'Art'
273,489
4.35
Language
Dec 21, 2011
Go to Creator's Profile
Score Distribution
Quiz Creator Spotlight
12bball
Follow
Send a Message
Quizzes Created
-
Created Quiz Play Count
-
More By This Creator
Popular Quizzes Today
1
Find the US States - No Outlines Minefield
2
Find the US States
3
The Countries of the World
4
10 Largest US States in Order
5
Find the Countries of Europe - No Outlines Minefield
6
US States
7
Guess the 'R' Things in 3 Words
8
NBA Finals Game Top Scorers (2010s)
More Sports Quizzes
NFL Quarterback Jersey Number - Higher or Lower?
Quiz Lab
Trending Quizzes
First Name TV: Leading Men
Match the Book to the Film II
First Name TV: Leading Women Drama
3-Word Movies in 1 Word II
Match the Book to the Film VI
Recently Updated
Women's Final Four Teams by Year
bhenderson79
Presidents Quartet II
eogle
Anything But Clue(do)
eogle
Anything But Oceanian Capitals
eogle
Anything But 7
eogle
Anything But Thing
eogle
Word Ladder: February 29
pecheneg
Song Title Questions
pecheneg
Women's NCAA Tournament #1 Seeds
pecheneg
Celebrity Mug Shots
pecheneg
Trending Topics
NBA
Anime
Harry Potter
Disney
Marvel
Crossword
Kpop
Song
NFL
WWE
The Office
Puzzle
Country
Soccer
Pokémon
Your Account Isn't Verified!
In order to create a playlist on Sporcle, you need to verify the email address you used during registration. Go to your
Sporcle Settings
to finish the process.
Report this User
Report this user for behavior that violates our
Community Guidelines
.
Details:
Send Report
Go to the Sporcle.com Mobile Site →
Comments